186 ready to run programs for Borland C++ 3.1 under Windows 3.1 (Vijay Mukhi's (Record no. 163348)

MARC details
000 -LEADER
fixed length control field 00458nam a2200157Ia 4500
008 - FIXED-LENGTH DATA ELEMENTS--GENERAL INFORMATION
fixed length control field 231217s9999 xx 000 0 und d
041 ## - LANGUAGE CODE
Language code of text/sound track or separate title English
082 ## - DEWEY DECIMAL CLASSIFICATION NUMBER
Classification number 001.6424BOR PAR`R'
100 ## - MAIN ENTRY--PERSONAL NAME
Personal name Parikh, Riku. Jalan, Anup. Desai, Soham.
245 #0 - TITLE STATEMENT
Title 186 ready to run programs for Borland C++ 3.1 under Windows 3.1 (Vijay Mukhi's
250 ## - EDITION STATEMENT
Edition statement 1st ed.
260 ## - PUBLICATION, DISTRIBUTION, ETC.
Date of publication, distribution, etc. 1993
Name of publisher, distributor, etc. Vision bk publ, Delhi
300 ## - PHYSICAL DESCRIPTION
Extent 623
650 ## - SUBJECT ADDED ENTRY--TOPICAL TERM
Topical term or geographic name entry element Borland C++
942 ## - ADDED ENTRY ELEMENTS (KOHA)
Koha item type Books
Holdings
Date last seen Total checkouts Full call number Accession number Cost, total (INR) price Price effective from Category Lost status Damaged status Department Withdrawn status Home library Current library Shelving location Entry date Vendor Cost, normal purchase price Grants Billnumber Billdate Currency symbol Conversion rate Discount Old discount
26/01/2024   001.6424BOR PAR`R' 6951 199.75 26/01/2024 Books     Central Library   Central Library Central Library Library Annex 04/12/1993 Classic 235.00 CS 434 05/11/1997 RS 1 35.25 15

© For any Suggestions or Query, please contact the library staff @ librarian@pes.edu or Phone: +9180 2672 1983/ 2108.